REINFORCED CONCRETE DESIGN (Record no. 5378)

MARC details
000 -LEADER
fixed length control field 00412nam a22001577a 4500
005 - DATE AND TIME OF LATEST TRANSACTION
control field 20170401141337.0
008 - FIXED-LENGTH DATA ELEMENTS--GENERAL INFORMATION
fixed length control field 170401b xxu||||| |||| 00| 0 eng d
020 ## - INTERNATIONAL STANDARD BOOK NUMBER
ISBN 978-81-224-1460-8
041 ## - LANGUAGE CODE
Language code of text/sound track or separate title eng
100 ## - MAIN ENTRY--AUTHOR NAME
Personal name RAJU,N.KRISHNA , PRANESH R.N
245 ## - TITLE STATEMENT
Title REINFORCED CONCRETE DESIGN
260 ## - PUBLICATION, DISTRIBUTION, ETC. (IMPRINT)
Name of publisher NEW AGE INTERNATIONAL PUBLICATION
Year of publication 2003
300 ## - PHYSICAL DESCRIPTION
Number of Pages 611
650 ## - SUBJECT ADDED ENTRY--TOPICAL TERM
Topical Term ENGINEERING
942 ## - ADDED ENTRY ELEMENTS (KOHA)
Koha item type Books
Holdings
Lost status Damaged status Home library Current library Shelving location Date acquired Source of acquisition Cost, normal purchase price Full call number Accession Number Koha item type
    JRU Library   SHELF-6-D 30/04/2017 PURCHASE 375.00 624.183 41 21599 Books
    JRU Library JRU Library SHELF-48-E 30/04/2017 PURCHASE 375.00 624.183 41 21600 Books